000 00386nam a22001457a 4500
005 20180118093720.0
008 180118b xxu||||| |||| 00| 0 eng d
040 _cPK-LaUMT
082 _aPKAC 320.95491
_bZAH-S
100 _aZaheer Hasan
245 _aStable Pakistan/
_cZaheer Hasan
260 _aKarachi:
_bInvention and improvement engineers,
_c1990
300 _a165
942 _cBK
999 _c101793
_d101793